Praktische Philosophie in der modernen Welt
Saved in:
| Main Author: | |
|---|---|
| Format: | Book |
| Language: | German |
| Published: |
München
Beck
1992
|
| Edition: | 1. Aufl. |
| Series: | Beck'sche Reihe
482 |
| Subjects: | |
| Tags: |
No Tags, Be the first to tag this record!
|
MARC
| LEADER | 00000nam a2200000 4500 | ||
|---|---|---|---|
| 001 | c010481 | ||
| 005 | 20221221080349.6 | ||
| 020 | |a 3-406-34074-1 | ||
| 041 | 0 | |a ger | |
| 044 | |a DE | ||
| 245 | 1 | 0 | |a Praktische Philosophie in der modernen Welt |c Vittorio Hösle |
| 250 | |a 1. Aufl. | ||
| 264 | 1 | |a München |b Beck |c 1992 | |
| 300 | |a 213 s. | ||
| 490 | 1 | |a Beck'sche Reihe |v 482 | |
| 830 | 0 | |a Beck'sche Reihe |v 482 | |
| 610 | 2 | 0 | |a filozofia |
| 610 | 2 | 0 | |a technika |
| 610 | 2 | 0 | |a kapitalizmus |
| 610 | 2 | 0 | |a svet |
| 100 | 1 | |a Hösle, Vittorio | |